Online Catalogue and eLibrary

Nayil nadee thera deviyan miyadeyi (Record no. 5174)

MARC details
000 -LEADER
fixed length control field 00421nam a2200157Ia 4500
005 - DATE AND TIME OF LATEST TRANSACTION
control field 20250701164809.0
008 - FIXED-LENGTH DATA ELEMENTS--GENERAL INFORMATION
fixed length control field 240331s9999 xx 000 0 und d
020 ## - INTERNATIONAL STANDARD BOOK NUMBER
ISBN 9559318047
082 ## - DDC Classification
Item Number - Author Mark SAD
Class No. 800
100 ## - MAIN ENTRY--PERSONAL NAME
Personal name Sadavi,N.L
245 #0 - TITLE STATEMENT
Title Nayil nadee thera deviyan miyadeyi
260 ## - PUBLICATION, DISTRIBUTION, ETC.
Place of publication, distribution, etc. Colombo
Name of publisher, distributor, etc. A woman's Voice
Date of publication, distribution, etc. 1995
300 ## - PHYSICAL DESCRIPTION
Extent (e.g. Volumes, Pages etc.) 160 p .,
500 ## - GENERAL NOTE
General note Sinhala Version of the book god dies by the Nile
942 ## - Koha item type (Biblio)
Koha item type Books in Stacks (Lending)
Holdings
Lost status Damaged status Collection code Home library Current library Shelving location Date acquired Full call number Accession Number Item type
    Lending WERC Library WERC Library Social Science Cupboard 03/31/2024 800 SAD 5364 Books in Stacks (Lending)

© WERC Library